Nguyễn Công Trứ Tác giả, tác phẩm, giai thoại

Gespeichert in:
Bibliographische Detailangaben
1. Verfasser: NGUYỄN VIẾT NGOẠN
Format: Buch
Sprache:Undetermined
Veröffentlicht: Tp HCM ĐHQG 2002
Schlagworte:
Tags: Tag hinzufügen
Keine Tags, Fügen Sie den ersten Tag hinzu!
Thư viện lưu trữ: Trung tâm Học liệu Trường Đại học Cần Thơ
LEADER 00560nam a2200181Ia 4500
001 CTU_50205
008 210402s9999 xx 000 0 und d
082 |a 895.922109 
082 |b Ng406 
100 |a NGUYỄN VIẾT NGOẠN 
245 0 |a Nguyễn Công Trứ 
245 0 |b Tác giả, tác phẩm, giai thoại 
245 0 |c NGUYỄN VIẾT NGOẠN 
260 |a Tp HCM 
260 |b ĐHQG 
260 |c 2002 
650 |a vietnamese poetry - 19th century - history and criticism 
980 |a Trung tâm Học liệu Trường Đại học Cần Thơ